Battlebots 2020 Season Robots - Statistics

General Stats
  • This quiz has been taken 140 times
    139 since last reset
  • The average score is 28 of 59
Answer Stats
Previous Seasons Answer % Correct
2015 - 2019 Tombstone
89%
2019 Hydra
79%
2015 - 2019 Witch Doctor
77%
2018, 2019 Endgame
75%
2018, 2019 Whiplash
71%
2016 - 2019 SawBlaze
69%
2018, 2019 Gigabyte
68%
2018, 2019 HUGE
68%
2018, 2019 Tantrum
68%
2015 - 2019 Hypershock
65%
2019 Black Dragon
64%
2016 - 2019 Skorpios
63%
2019 Mammoth
61%
2019 Ribbot
61%
2016 - 2019 Rotator
61%
New Fusion
60%
2019 Uppercut
60%
2016 BETA
56%
2019 Bloodsport
56%
2015 - 2019 Captain Shrederator
56%
2019 Mad Catter
55%
2015 - 2019 Lock-Jaw
54%
New Rusty
54%
2019 Copperhead
51%
New Hijinx
51%
2019 Shatter!
50%
New Malice
48%
New Big Dill
46%
2019 Gruff
46%
2015 - 2018 Chomp!
45%
New SMEEEEEEEEEEEEEEEEEEEE
45%
2018, 2019 Valkyrie
45%
2016 - 2019 SubZero
44%
2018, 2019 Axe Backwards
43%
2018, 2019 Kraken
43%
2019 P1
42%
2018 Bale Spear
40%
2015, 2016 Ghost Raptor
40%
New Jackpot
40%
2016 - 2019 Gemini
39%
New Rampage
37%
New Aegis
36%
New Axolotl
36%
New Atom 94
35%
New Black Widow
35%
2018, 2019 Sharkoprion
35%
New Slammow
35%
New Pain Train
32%
New Perfect Phoenix
31%
New Claw Viper
30%
New Deadlift
29%
New Slap Box
29%
New War EZ
29%
2019 Chronos
27%
2018 Gamma 9
27%
New Sporkinok
27%
New Tracer
27%
New Grabot
25%
2019 Extinguisher
21%
No matching quizzes found
Score Distribution
Percent of People with Each Score
Percentile by Number Answered
Your Score History
You have not taken this quiz since the last reset